000 00991nam a22003017a 4500
001 00004763
003 DO-SdBNP
005 20221109124400.0
007 00004763
008 160606b1996 sp |||| 00| 0 spa d
020 _a8477203717
040 _aBPMSU
_bspa
_cBPMSU
082 4 _a339.43
_bC614h 1996
_222
100 1 _aClason, George S.
245 1 0 _aEl hombre más rico de Babilonia :
_b los secretos del éxito de los antiguos /
_cGeorge S. Clason ; traducción: José Luis Sánchez.
250 _a4ta. ed.
260 _aBarcelona :
_bEdiciones Obelisco,
_c1996.
300 _a159 p. ;
_c21 cm.
490 0 _aNueva consciencia
534 _aTítulo original :
_tRichest man in Babylon
590 _6Inventariado, 2022/VM
650 4 _aAhorro e inversión
_xRelatos personales.
650 4 _aRiqueza y ética
_xRelatos personales.
650 4 _aÉtica de los negocio
_xRelatos perssonales.
830 0 _aNueva consciencia
910 _aVMateo V. /Validado
942 _2ddc
_cBK
999 _c10280
_d10280